A textbook on automata theory (Record no. 6147)
[ view plain ]
| 000 -LEADER | |
|---|---|
| fixed length control field | 00463 a2200181 4500 |
| 001 - CONTROL NUMBER | |
| control field | 131740 |
| 003 - CONTROL NUMBER IDENTIFIER | |
| control field | OSt |
| 005 - DATE AND TIME OF LATEST TRANSACTION | |
| control field | 20210916173504.0 |
| 008 - FIXED-LENGTH DATA ELEMENTS--GENERAL INFORMATION | |
| fixed length control field | |
| 082 ## - DEWEY DECIMAL CLASSIFICATION NUMBER | |
| Classification number | 629.89 |
| Item number | S33D |
| 100 1# - MAIN ENTRY--PERSONAL NAME | |
| Personal name | Srimani, P.K. |
| 245 1# - TITLE STATEMENT | |
| Title | A textbook on automata theory |
| Statement of responsibility, etc | by P.K. Srimani and S.F.B. Nasir |
| 260 ## - PUBLICATION, DISTRIBUTION, ETC. (IMPRINT) | |
| Place of publication, distribution, etc | Delhi |
| Name of publisher, distributor, etc | Foundation Books |
| Date of publication, distribution, etc | 2010 |
| 300 ## - PHYSICAL DESCRIPTION | |
| Extent | 607p. |
| 690 ## - LOCAL SUBJECT ADDED ENTRY--TOPICAL TERM (OCLC, RLIN) | |
| Topical term or geographic name as entry element | Automata theory |
| 700 ## - ADDED ENTRY--PERSONAL NAME | |
| Personal name | Nasir, S.F.B. |
| 942 ## - ADDED ENTRY ELEMENTS (KOHA) | |
| Source of classification or shelving scheme | Dewey Decimal Classification |
| Koha item type | Books |
| Withdrawn status | Lost status | Source of classification or shelving scheme | Damaged status | Not for loan | Collection code | Home library | Current library | Date acquired | Source of acquisition | Cost, normal purchase price | Full call number | Barcode | Date last seen | Price effective from | Koha item type |
|---|---|---|---|---|---|---|---|---|---|---|---|---|---|---|---|
| Dewey Decimal Classification | General Text Book | Central University Of Rajasthan | Central University Of Rajasthan | 08/06/2012 | CSC | 395.00 | 629.89 S33D | 7820 | 21/11/2024 | 02/09/2020 | Books |
